[Event "Belgrade-chT"]
[Site "Belgrade"]
[Date "2020.10.12"]
[Round "8.4"]
[White "Mihajlovic, Miodrag"]
[Black "Petrovic, Aleksa"]
[Result "0-1"]
[WhiteElo "2078"]
[BlackElo "2094"]
[PlyCount "54"]
[EventDate "2020.10.04"]
[EventType "team-tourn"]
[EventRounds "9"]
[EventCountry "SRB"]
[SourceTitle "EXT 2022"]
[Source "ChessBase"]
[SourceDate "2021.10.06"]
[SourceVersion "1"]
[SourceVersionDate "2021.10.06"]
[SourceQuality "1"]
[WhiteTeam "Belgrade Radnicki"]
[BlackTeam "Grocka Pobednik"]
[WhiteTeamCountry "SRB"]
[BlackTeamCountry "SRB"]

1. Nf3 g6 2. g3 Bg7 3. Bg2 d6 4. 0-0 Nf6 5. d3 0-0 6. c4 a5 7. Nc3 c6 8. Bg5 h6 9. Bd2 Qc7 10. h3 Na6 11. e4 e5 12. Be3 Nc5 13. Qd2 Kh7 14. Kh2 Qe7 15. Rad1 Bd7 16. Rfe1 b5 17. cxb5 cxb5 18. d4 Ncxe4 19. Nxe4 Nxe4 20. Qd3 Nf6 21. dxe5 dxe5 22. Nxe5 Qxe5 23. Bxa8 Rxa8 24. Bd4 Qh5 25. Bxf6 Qxh3+ 26. Kg1 Bc6 27. Re4 Bxf6 0-1

[Event "Belgrade City-chT"]
[Site "Belgrade"]
[Date "2019.05.17"]
[Round "5.7"]
[White "Mihajlovic, Miodrag"]
[Black "Kosmac, Nikola"]
[Result "1/2-1/2"]
[WhiteElo "2081"]
[BlackElo "1982"]
[PlyCount "29"]
[EventDate "2019.05.13"]
[EventType "team-swiss"]
[EventRounds "5"]
[EventCountry "SRB"]
[SourceTitle "CBM 190 Extra"]
[Source "ChessBase"]
[SourceDate "2019.07.15"]
[SourceVersion "1"]
[SourceVersionDate "2019.07.15"]
[SourceQuality "1"]
[WhiteTeam "Belgrade Radnicki"]
[BlackTeam "15 April"]
[WhiteTeamCountry "SRB"]
[BlackTeamCountry "SRB"]

1. Nf3 Nf6 2. g3 b6 3. Bg2 Bb7 4. 0-0 e6 5. d3 Be7 6. Nbd2 d6 7. e4 Nbd7 8. Re1 0-0 9. a4 a5 10. c3 Re8 11. Qc2 Bf8 12. d4 e5 13. d5 g6 14. Nf1 Bg7 15. Bg5 1/2-1/2

[Event "Belgrade-chT"]
[Site "Belgrade"]
[Date "2017.05.10"]
[Round "1.3"]
[White "Poleksic, Dusan"]
[Black "Mihajlovic, Miodrag"]
[Result "1/2-1/2"]
[WhiteElo "2008"]
[BlackElo "2072"]
[PlyCount "28"]
[EventDate "2017.05.10"]
[EventType "team-swiss"]
[EventRounds "5"]
[EventCountry "SRB"]
[SourceTitle "CBM 178 Extra"]
[Source "ChessBase"]
[SourceDate "2017.06.22"]
[SourceVersion "1"]
[SourceVersionDate "2017.06.22"]
[SourceQuality "1"]
[WhiteTeam "Vreoci Turbina"]
[BlackTeam "Belgrade Radnicki"]
[WhiteTeamCountry "SRB"]
[BlackTeamCountry "SRB"]

1. d4 Nf6 2. c4 g6 3. Nc3 Bg7 4. e4 d6 5. Be2 c6 6. Nf3 0-0 7. 0-0 a6 8. a4 a5 9. h3 Nfd7 10. Bg5 h6 11. Be3 Na6 12. Qd2 Kh7 13. Rfd1 Qb6 14. Rac1 Qb3 1/2-1/2

[Event "Belgrade-chT"]
[Site "Belgrade"]
[Date "2016.10.17"]
[Round "9.1"]
[White "Mihajlovic, Miodrag"]
[Black "Velickovic, Sasa"]
[Result "1/2-1/2"]
[WhiteElo "2093"]
[BlackElo "2352"]
[PlyCount "45"]
[EventDate "2016.10.08"]
[EventType "team-tourn"]
[EventRounds "13"]
[EventCountry "SRB"]
[SourceTitle "CBM 175 Extra"]
[Source "ChessBase"]
[SourceDate "2016.12.12"]
[SourceVersion "1"]
[SourceVersionDate "2016.12.12"]
[SourceQuality "1"]
[WhiteTeam "Belgrade Radnicki"]
[BlackTeam "Crvena Zvezda"]
[WhiteTeamCountry "SRB"]
[BlackTeamCountry "SRB"]

1. d4 Nf6 2. Nf3 c5 3. e3 b6 4. Bd3 Bb7 5. Nbd2 g6 6. 0-0 Bg7 7. c3 0-0 8. a4 Nc6 9. Qe2 Rb8 10. Rd1 Qc7 11. h3 d6 12. e4 cxd4 13. Nxd4 Nd7 14. Nb5 Qd8 15. Nf3 Nc5 16. Bc2 a6 17. Nbd4 Qc7 18. Bg5 Rfe8 19. b4 Nd7 20. Bb3 Nf6 21. Bxf6 Bxf6 22. Rac1 Rbc8 23. Qc4 1/2-1/2

[Event "Belgrade-chT"]
[Site "Belgrade"]
[Date "2016.10.15"]
[Round "7.2"]
[White "Mihajlovic, Miodrag"]
[Black "Skaric, Djuro"]
[Result "0-1"]
[WhiteElo "2093"]
[BlackElo "2265"]
[PlyCount "154"]
[EventDate "2016.10.08"]
[EventType "team-tourn"]
[EventRounds "13"]
[EventCountry "SRB"]
[SourceTitle "CBM 175 Extra"]
[Source "ChessBase"]
[SourceDate "2016.12.12"]
[SourceVersion "1"]
[SourceVersionDate "2016.12.12"]
[SourceQuality "1"]
[WhiteTeam "Belgrade Radnicki"]
[BlackTeam "Belgrade Sigurnost"]
[WhiteTeamCountry "SRB"]
[BlackTeamCountry "SRB"]

1. Nf3 d5 2. g3 c5 3. Bg2 Nc6 4. d3 e5 5. 0-0 Nf6 6. c3 Be7 7. a3 a5 8. a4 0-0 9. Nfd2 Bg4 10. h3 Be6 11. Na3 Qd7 12. Kh2 Rad8 13. Qc2 Ne8 14. e4 d4 15. c4 Nb4 16. Qb3 f5 17. Nc2 Nf6 18. Nxb4 axb4 19. exf5 Bxf5 20. a5 Ra8 21. Nf3 Bd6 22. Nh4 e4 23. Nxf5 Qxf5 24. dxe4 Nxe4 25. f4 Rae8 26. a6 bxa6 27. Rxa6 Rf6 28. Qa4 Qg6 29. Ra8 Bb8 30. g4 Rff8 31. Qd7 Nf6 32. Qc6 Re2 33. Kh1 Ne4 34. Qd5+ Kh8 35. f5 Qe8 36. Bf4 Bxf4 37. Bxe4 Qxa8 38. Qxa8 Rxa8 39. Bxa8 d3 40. b3 d2 41. Bf3 Re3 42. Bd1 Rxh3+ 43. Kg2 Rg3+ 44. Kf2 Rc3 45. Ke2 Bg5 46. Rf3 Kg8 47. Rxc3 bxc3 48. Kd3 Bf6 49. Ke4 Kf7 50. Bc2 Be7 51. Kd3 Bf6 52. Ke4 g6 53. fxg6+ hxg6 54. Kd5 Be7 55. Ke5 Kg7 56. Ke6 Bh4 57. Kd5 Bf2 58. Ke4 Bh4 59. Kd5 Be7 60. Ke6 Kf8 61. Kd5 Kf7 62. Ke5 Bf8 63. Bd1 Kg7 64. Kd5 Kf6 65. Ke4 Kg5 66. Kf3 Bd6 67. Bc2 Kh4 68. Ke2 g5 69. Kf3 Kh3 70. Bd1 Kh2 71. Kf2 Be5 72. Ke2 Kg3 73. Kd3 Kf2 74. Kc2 Ke3 75. b4 cxb4 76. c5 Bf4 77. c6 Kf2 0-1

[Event "Belgrade Cup 16th"]
[Site "Belgrade"]
[Date "2016.05.12"]
[Round "4.4"]
[White "Mihajlovic, Miodrag"]
[Black "Milicevic, Aleksa"]
[Result "1-0"]
[WhiteElo "2076"]
[BlackElo "2201"]
[PlyCount "51"]
[EventDate "2016.05.09"]
[EventType "team-swiss"]
[EventRounds "5"]
[EventCountry "SRB"]
[SourceTitle "CBM 172 Extra"]
[Source "ChessBase"]
[SourceDate "2016.06.21"]
[SourceVersion "1"]
[SourceVersionDate "2016.06.21"]
[SourceQuality "1"]
[WhiteTeam "Belgrade Radnicki"]
[BlackTeam "Post Stedionica"]
[WhiteTeamCountry "SRB"]
[BlackTeamCountry "SRB"]

1. Nf3 Nf6 2. g3 d5 3. Bg2 c6 4. a4 Bf5 5. 0-0 h6 6. d3 e6 7. c3 Be7 8. a5 0-0 9. Nbd2 Bh7 10. Qb3 Nbd7 11. Qa2 Qc7 12. a6 b6 13. e4 dxe4 14. dxe4 Nxe4 15. Nd4 Ndc5 16. Nxe4 Bxe4 17. Bxe4 Nxe4 18. Nxe6 fxe6 19. Qxe6+ Kh8 20. Qxe4 Rae8 21. Qg6 Bc5 22. Bf4 Qc8 23. Rae1 Rxe1 24. Rxe1 Qd7 25. b4 Be7 26. Be5 1-0

[Event "Belgrade-chT"]
[Site "Belgrade"]
[Date "2014.09.22"]
[Round "3.1"]
[White "Mihajlovic, Miodrag"]
[Black "Jovanovic, Sasa T"]
[Result "0-1"]
[WhiteElo "2168"]
[BlackElo "2250"]
[PlyCount "85"]
[EventDate "2014.09.20"]
[EventType "team-tourn"]
[EventRounds "11"]
[EventCountry "SRB"]
[SourceTitle "CBM 162 Extra"]
[Source "ChessBase"]
[SourceDate "2014.10.17"]
[SourceVersion "1"]
[SourceVersionDate "2014.10.17"]
[SourceQuality "1"]
[WhiteTeam "Belgrade Radnicki"]
[BlackTeam "Belgrade"]
[WhiteTeamCountry "SRB"]
[BlackTeamCountry "SRB"]

1. Nf3 Nf6 2. d4 g6 3. e3 Bg7 4. Bd3 0-0 5. 0-0 b6 6. e4 d6 7. h3 Bb7 8. Nc3 Nbd7 9. a4 a6 10. Re1 e5 11. dxe5 dxe5 12. Be3 Qe7 13. Bg5 c6 14. Nd2 b5 15. Nb3 b4 16. Nb1 a5 17. N1d2 Nc5 18. Nxc5 Qxc5 19. Qf3 Nh5 20. Nb3 Qb6 21. Be7 Rfe8 22. Bc5 Qd8 23. Bc4 Nf4 24. Rad1 Qc7 25. Bd6 Qb6 26. Qe3 Qxe3 27. fxe3 Ne6 28. Bxe6 fxe6 29. Bc5 Bc8 30. Rd6 Bf8 31. Rd2 Bh6 32. Red1 Bg5 33. Rd6 Ba6 34. Rd7 Be2 35. R1d2 Bc4 36. Rf2 Bxb3 37. cxb3 Rad8 38. Rff7 Rxd7 39. Rxd7 Rd8 40. Rxd8+ Bxd8 41. Bd6 Bb6 42. Kf2 Kf7 43. Bxe5 0-1

[Event "Belgrade-chT"]
[Site "Belgrade"]
[Date "2013.10.17"]
[Round "6.4"]
[White "Mihajlovic, Miodrag"]
[Black "Dimic, Pavle"]
[Result "0-1"]
[WhiteElo "2192"]
[BlackElo "2243"]
[PlyCount "94"]
[EventDate "2013.10.12"]
[EventType "team-tourn"]
[EventRounds "11"]
[EventCountry "SRB"]
[SourceTitle "EXT 2014"]
[Source "ChessBase"]
[SourceDate "2013.11.20"]
[SourceVersion "1"]
[SourceVersionDate "2013.11.20"]
[SourceQuality "1"]
[WhiteTeam "Romanticari"]
[BlackTeam "Itaka"]
[WhiteTeamCountry "SRB"]
[BlackTeamCountry "SRB"]

1. d4 Nf6 2. c4 g6 3. Nc3 Bg7 4. e4 d6 5. Nf3 0-0 6. Be2 e5 7. dxe5 dxe5 8. Qxd8 Rxd8 9. Nd5 Nxd5 10. cxd5 c6 11. Bc4 b5 12. Bb3 a5 13. dxc6 Nxc6 14. Bg5 Re8 15. Bd5 Ra6 16. Bd2 Ne7 17. Bb3 a4 18. Bd1 Nc6 19. Rc1 Be6 20. Be2 Rb8 21. a3 Bg4 22. Bc3 Bxf3 23. gxf3 Rab6 24. 0-0 Nd4 25. Bxd4 exd4 26. Bd3 b4 27. Rfd1 bxa3 28. bxa3 Rb3 29. Rb1 Rc8 30. Rxb3 axb3 31. Kf1 Bh6 32. Rb1 Rc3 33. Ke2 Bc1 34. a4 b2 35. a5 Ra3 36. a6 g5 37. e5 h6 38. h3 Kf8 39. Bc4 Ke7 40. f4 gxf4 41. f3 Ra1 42. Bd3 Ke6 43. Kd1 Kxe5 44. Kc2 Kd5 45. Kb3 Kc5 46. Kc2 Kb6 47. Kb3 Ra5 0-1

[Event "Belgrade-chT"]
[Site "Belgrade"]
[Date "2013.10.12"]
[Round "1.1"]
[White "Vujacic, Borivoje"]
[Black "Mihajlovic, Miodrag"]
[Result "1-0"]
[WhiteElo "2294"]
[BlackElo "2192"]
[PlyCount "59"]
[EventDate "2013.10.12"]
[EventType "team-tourn"]
[EventRounds "11"]
[EventCountry "SRB"]
[SourceTitle "EXT 2014"]
[Source "ChessBase"]
[SourceDate "2013.11.20"]
[SourceVersion "1"]
[SourceVersionDate "2013.11.20"]
[SourceQuality "1"]
[WhiteTeam "Crvena Zvezda"]
[BlackTeam "Romanticari"]
[WhiteTeamCountry "SRB"]
[BlackTeamCountry "SRB"]

1. e4 c5 2. Nf3 Nc6 3. Bb5 Na5 4. c3 a6 5. Ba4 e6 6. d4 cxd4 7. cxd4 b5 8. Bc2 Bb7 9. 0-0 Be7 10. Nc3 b4 11. Ne2 Nf6 12. Ng3 h5 13. Bg5 d5 14. Ba4+ Kf8 15. e5 Ne4 16. Bxe7+ Qxe7 17. h4 Nc4 18. Qe2 Rd8 19. Rac1 f5 20. Nxe4 dxe4 21. Ng5 Nb6 22. Bc6 Rh6 23. f3 e3 24. Qxe3 Bxc6 25. Rxc6 Nd5 26. Qc1 Qa7 27. Rd1 Ke7 28. Qc5+ Qxc5 29. dxc5 a5 30. Ra6 1-0

[Event "Belgrade Spring op"]
[Site "Belgrade"]
[Date "2013.03.25"]
[Round "6"]
[White "Dimitrijevic, Dusan"]
[Black "Mihajlovic, Miodrag"]
[Result "1/2-1/2"]
[WhiteElo "2013"]
[BlackElo "2198"]
[PlyCount "94"]
[EventDate "2013.03.20"]
[EventType "swiss"]
[EventRounds "9"]
[EventCountry "SRB"]
[SourceTitle "CBM 153 Extra"]
[Source "ChessBase"]
[SourceDate "2013.04.22"]
[SourceVersion "1"]
[SourceVersionDate "2013.04.22"]
[SourceQuality "1"]

1. d4 Nf6 2. Nf3 g6 3. c4 Bg7 4. Nc3 0-0 5. e4 d6 6. h3 c6 7. Be2 a6 8. 0-0 Nfd7 9. Qc2 b5 10. cxb5 axb5 11. b4 Na6 12. Rb1 Bb7 13. Be3 c5 14. bxc5 dxc5 15. Bxb5 cxd4 16. Nxd4 Ne5 17. Rfd1 Qa5 18. f3 Rac8 19. Rdc1 h5 20. Qa4 Qxa4 21. Nxa4 Rxc1+ 22. Rxc1 Rd8 23. Nb3 f5 24. Na5 Nc5 25. Nxc5 Bc8 26. a4 fxe4 27. fxe4 g5 28. Bxg5 Bxh3 29. Bxe7 Rd2 30. Bc4+ Kh8 31. Bf1 Bg4 32. Ncb3 Rb2 33. Nd4 Nd3 34. Bxd3 Bxd4+ 35. Kh1 Ra2 36. Bb5 Kg7 37. Bb4 Kf6 38. Bc3 Bxc3 39. Rxc3 Ke5 40. Kh2 h4 41. Rc5+ Kf4 42. e5 h3 43. Rc4+ Kg5 44. Rxg4+ Kxg4 45. Bd7+ Kf4 46. e6 Rxg2+ 47. Kxh3 Re2 1/2-1/2

[Event "Belgrade-chT"]
[Site "Belgrade"]
[Date "2011.10.03"]
[Round "3.3"]
[White "Mihajlovic, Miodrag"]
[Black "Velikic, Adela"]
[Result "1-0"]
[WhiteElo "2177"]
[BlackElo "1907"]
[PlyCount "71"]
[EventDate "2011.10.01"]
[EventType "team-tourn"]
[EventRounds "11"]
[EventCountry "SRB"]
[SourceTitle "CBM 144 Extra"]
[Source "ChessBase"]
[SourceDate "2011.10.28"]
[SourceVersion "1"]
[SourceVersionDate "2011.10.28"]
[SourceQuality "1"]
[WhiteTeam "Romanticari"]
[BlackTeam "Delfin"]
[WhiteTeamCountry "YUG"]
[BlackTeamCountry "YUG"]

1. Nf3 d5 2. g3 Nf6 3. Bg2 c6 4. c3 Bf5 5. a4 Nbd7 6. d4 e6 7. Nbd2 h6 8. a5 Bd6 9. 0-0 0-0 10. a6 b5 11. Re1 Qb6 12. b4 Nb8 13. Nh4 Nxa6 14. e4 dxe4 15. Nxe4 Bxe4 16. Bxe4 Nxe4 17. Rxe4 Nc7 18. Qh5 Kh7 19. Rg4 Ne8 20. Nf3 Be7 21. Ne5 Nf6 22. Rxg7+ Kxg7 23. Bxh6+ Kh7 24. Qh4 Ng8 25. Bg5+ Kg7 26. Bxe7 Nxe7 27. Qxe7 Qd8 28. Qc5 Qd5 29. Ra6 Rfc8 30. Qe7 Rf8 31. Qg5+ Kh7 32. h4 Qe4 33. Nd7 Qb1+ 34. Kh2 Rfd8 35. Nf6+ Kh8 36. Qh6+ 1-0